000 01071nam a2200253Ia 4500
999 _c47142
_d47142
001 14000
003 GE_BSU
005 20241104111619.0
008 181216s2001||||ge |||||||||||||| ||geo||
020 _a9992848669
040 _cGE_BSU
041 _ageo
080 _a514.7(042.4) ბ-51
100 _aბერაძე, ალექსანდრე
_923608
245 _aდიფერენციალური გეომეტრიის მოკლე კურსი /
_cალექსანდრე ბერაძე ; რედ. : ჯუმბერ დავითაძე.
264 _aბათუმი :
_bბათუმის უნ-ტი,
_c2001.
300 _a366 გვ. ;
_c21 სმ.
541 _h16ლ.
653 _aგეომეტრია
653 _aდიფერენციალური გეომეტრიის მოკლე კურსი
653 _aმათემატიკა
700 _aდავითაძე, ჯუმბერ
_eრედაქტორი
_921100
942 _cBK
_2udc